000 00742nam a2200181Ia 4500
008 100920s9999 xx 000 0 und d
082 _b24741
_a61 थ 65
100 _aअनु. किणीकर रॉय. /डॉनलॉन रॉजर एच्र. सी
245 _aएकदाच अशी रात्र येते !.
260 _bकुलकणीॅ ग्रंथागार, पुणे.
_c1965
300 _a164
_bसाधी
365 _b2.5
520 _aस्थानिक वाचन.
630 _aएकदाच अशी रात्र येते !.
650 _aस्थानिक वाचन.
730 _aएकदाच अशी रात्र येते !.
942 _cBOOK
999 _c683000
_d682997